¡Yo, el rey! : el minotauro del siglo XX : (Registro nro. 10357)
[ vista simple ]
| 000 -CABECERA | |
|---|---|
| Longitud fija campo de control | 00461nam a22001577a 4500 |
| 003 - • IDENTIFICADOR DELl NÚMERO DE CONTROL | |
| Identificador del número de control | CO-ViMGA |
| 008 - • CÓDIGOS DE INFORMACIÓN DE LONGITUD FIJA | |
| Códigos de información de longitud fija | 151224b xxu||||| |||| 00| 0 eng d |
| 020 ## - • NÚMERO INTERNACIONAL NORMALIZADO PARA LIBROS | |
| Número Internacional Normalizado para Libros (ISBN) | 7707229981266 |
| 040 ## - FUENTE DE LA CATALOGACIÓN | |
| Centro catalogador de origen | CO-ViMGA |
| Lengua de catalogación | spa |
| Centro transcriptor | CO-ViMGA |
| 082 04 - • NÚMERO DE LA CLASIFICACIÓN DECIMAL DEWEY | |
| Número de clasificación (R) | 759.6 |
| Número del ítem | M87y |
| 245 10 - • TITULO PROPIAMENTE DICHO | |
| Título | ¡Yo, el rey! : el minotauro del siglo XX : |
| Resto del título | Picasso en Bogotá / |
| 300 ## - • DESCRIPCIÓN FÍSICA | |
| Extensión | 35 p. |
| Otras características físicas | il. |
| Material Anexo | 15 cm. |
| 650 14 - • PUNTO DE ACCESO ADICIONAL DE MATERIA - TÉRMINO DE MATERIA | |
| Término de materia o nombre geográfico como elemento inicial | Pintura |
| 942 ## - ENTRADA DE ELEMENTOS AGREGADOS (KOHA) | |
| Fuente de clasificaión o esquema | Dewey Decimal Classification |
| Koha [por defecto] tipo de item | LIbro |
| Perdido | Fuente de clasificación o esquema | Estado Físico | No para préstamo | Forma de adquisición | Localización permanente | Localización actual | Fecha adquisición | Préstamos totales | Signatura completa | Código de barras | Fecha última consulta | Número de copia | Fecha del precio de reemplazo | Tipo de item de Koha | Localización en estanterías |
|---|---|---|---|---|---|---|---|---|---|---|---|---|---|---|---|
| Dewey Decimal Classification | Sala General | Biblioteca Barrio Porfia - Villavicencio | Biblioteca Barrio Porfia - Villavicencio | 08/25/2016 | 759.6 M87y | 30320 | 08/25/2016 | Ej .2 | 08/25/2016 | LIbro | |||||
| Dewey Decimal Classification | Sala General | Biblioteca Comunitaria - Villavicencio | Biblioteca Comunitaria - Villavicencio | 08/25/2016 | 759.6 M87y | 30321 | 08/25/2016 | Ej. 3 | 08/25/2016 | LIbro | |||||
| Dewey Decimal Classification | Sala General Segundo Piso | Biblioteca Pública Germán Arciniegas - Villavicencio | Biblioteca Pública Germán Arciniegas - Villavicencio | 12/24/2015 | 759.6 M87y | 29637 | 12/24/2015 | Ej. 1 | 12/24/2015 | LIbro | |||||
| Dewey Decimal Classification | Sala General Segundo Piso | Biblioteca Pública Germán Arciniegas - Villavicencio | Biblioteca Pública Germán Arciniegas - Villavicencio | 11/02/2016 | 759.6 M87y | 31462 | 03/22/2018 | Ej. 5 | 11/02/2016 | LIbro | |||||
| Dewey Decimal Classification | Infantil | Biblioteca Pública La Macarena | Biblioteca Pública La Macarena | 07/18/2024 | 759.6 M87y | LM001544 | 07/18/2024 | Ej.1 | 07/18/2024 | Libro Infantil | Sala Infantil |